Estudio nacional de semillas forestales en Colombia (Registro nro. 6163)
[ vista simple ]
| 000 -CABECERA | |
|---|---|
| Campo de control | 01012nam a2200181 a 4500 |
| 090 ## - CLASIFICACIÓN LOCAL | |
| Colección | IAVH |
| Consecutivo | 00664 |
| 041 ## - IDIOMA | |
| Código de idioma para texto/pista de sonido o título separado | Español |
| 110 ## - ASIENTO PRINCIPAL--NOMBRE CORPORATIVO | |
| Unidad subordinad | Corporación Internacional de Apoyo Ambiental, CIAA |
| 245 ## - MENCION DE TITULO | |
| Título | Estudio nacional de semillas forestales en Colombia |
| 260 ## - PUBLICACION, DISTRIBUCION, ETC. (PIE DE IMPRENTA) | |
| Lugar de publicación, distribución, etc. | Bogotá |
| Nombre del editor, distribuidor, etc. | Instituto Alexander von Humboldt |
| Fecha de publicación, distribución, etc. | 2003 |
| 300 ## - DESCRIPCION FISICA | |
| Extensión | 132 p. |
| 520 ## - NOTA DE RESUMEN, ETC. | |
| Nota de resumen | El presente documento, en primera instancia contiene una síntesis de los estudios de oferta y demanda de semillas forestales que han antecedido este proyecto, de tal manera que permitan una fuente de comparación y sean útilies para el análisis de la información primaria y secundaria procesada. En segunda instancia se presenta de forma global, la metodología usada, dentro de la cual se incluye el instrumento principal, que es la encuesta para la toma de información. |
| 650 ## - ASIENTO SECUNDARIO DE MATERIA - TERMINO TEMATICO | |
| Término temático o nombre geográfico como elemento de entrada | Biodiversidad |
| 650 ## - ASIENTO SECUNDARIO DE MATERIA - TERMINO TEMATICO | |
| Término temático o nombre geográfico como elemento de entrada | Conservación |
| 650 ## - ASIENTO SECUNDARIO DE MATERIA - TERMINO TEMATICO | |
| Término temático o nombre geográfico como elemento de entrada | Semillas forestales |
| 650 ## - ASIENTO SECUNDARIO DE MATERIA - TERMINO TEMATICO | |
| Término temático o nombre geográfico como elemento de entrada | Oferta y demanda |
| 650 ## - ASIENTO SECUNDARIO DE MATERIA - TERMINO TEMATICO | |
| Término temático o nombre geográfico como elemento de entrada | Encuestas |
No hay ítems disponibles.